[Event "Goiania Mega Modas Park op"]
[Site "Goiania"]
[Date "2023.04.08"]
[Round "2"]
[White "Bezerra, Elias Vidal Jr"]
[Black "Dos Reis Fernandes Tavares, Vinicius"]
[Result "1-0"]
[WhiteElo "1522"]
[BlackElo "1696"]
[PlyCount "53"]
[EventDate "2023.04.07"]
[EventType "swiss"]
[EventRounds "6"]
[EventCountry "BRA"]
[SourceTitle "EXT 2024"]
[Source "ChessBase"]
[SourceDate "2023.10.10"]
[SourceVersion "1"]
[SourceVersionDate "2023.10.10"]
[SourceQuality "1"]

1. e4 c5 2. Nf3 d6 3. Nc3 Nc6 4. Bb5 Bd7 5. 0-0 a6 6. Bxc6 Bxc6 7. d4 cxd4 8. Nxd4 Bd7 9. Re1 e5 10. Nf3 Nf6 11. Bg5 Be7 12. Bxf6 gxf6 13. h3 Rg8 14. Kh1 f5 15. Nd5 fxe4 16. Rxe4 Bc6 17. Re1 f5 18. c4 e4 19. Nd4 Bxd5 20. cxd5 Qb6 21. Qh5+ Kd8 22. Ne6+ Kd7 23. Qxf5 Ke8 24. Rac1 Bd8 25. Rxe4 Be7 26. Nc7+ Kd8 27. Nxa8 1-0